Online Catalogue and eLibrary

Subject to fiction : (Record no. 2946)

MARC details
000 -LEADER
fixed length control field 00532nam a2200181Ia 4500
005 - DATE AND TIME OF LATEST TRANSACTION
control field 20240610013928.0
008 - FIXED-LENGTH DATA ELEMENTS--GENERAL INFORMATION
fixed length control field 240331s9999 xx 000 0 und d
020 ## - INTERNATIONAL STANDARD BOOK NUMBER
ISBN 0335200788
082 ## - DDC Classification
Item Number - Author Mark MUN
Class No. 371
100 ## - MAIN ENTRY--PERSONAL NAME
Personal name Munro, P
245 #0 - TITLE STATEMENT
Title Subject to fiction :
Remainder of title women teacher's life history narratives and the cultural politics of resistance
260 ## - PUBLICATION, DISTRIBUTION, ETC.
Place of publication, distribution, etc. Buckingham
Name of publisher, distributor, etc. Open University Press
Date of publication, distribution, etc. 1998
300 ## - PHYSICAL DESCRIPTION
Extent (e.g. Volumes, Pages etc.) xv,153 p.,
650 ## - SUBJECT ADDED ENTRY--TOPICAL TERM
Topical term or geographic name entry element Women teachers
650 ## - SUBJECT ADDED ENTRY--TOPICAL TERM
Topical term or geographic name entry element Sexism in Education
650 ## - SUBJECT ADDED ENTRY--TOPICAL TERM
Topical term or geographic name entry element Feminist theory
942 ## - Koha item type (Biblio)
Koha item type Books in Stacks (Lending)
Holdings
Lost status Damaged status Collection code Home library Current library Shelving location Date acquired Full call number Accession Number Item type
    Lending WERC Library WERC Library Social Science Cupboard 03/31/2024 371.1 MUN 4110 Books in Stacks (Lending)

© WERC Library